Qué es la psicopatología

Збережено в:
Бібліографічні деталі
Автори: Frazier, S. H (Автор), Carr, Arthur C (Автор)
Формат: Книга
Мова:Іспанська
Опубліковано: Buenos Aires Ateneo 1980
Серія:Serie Sepa Usted
Предмети:
Теги: Додати тег
Немає тегів, Будьте першим, хто поставить тег для цього запису!

MARC

LEADER 00000nam a2200000 a 4500
001 UCW5287
003 CL-VaPUC
008 910321e19800000AG |||||||||||||||||spa|d
082 0 4 |a 157  |b FRA  |2 21 
100 0 |a Frazier, S. H  |e author  |9 310202 
700 0 |a Carr, Arthur C  |e author  |9 310203 
245 1 0 |a Qué es la psicopatología 
300 |a 152 p 
942 |c BK 
945 |d 19910321 00:00:00 
260 |a Buenos Aires  |b Ateneo  |c 1980 
650 0 |a Psicopatología   |9 307473 
650 0 |a Enfermedades mentales   |9 310204 
650 0 |a Psiquiatría  |9 308427 
650 0 |a Trastornos mentales  |9 307475 
583 |a last modification  |c 19910321 00:00:00  |k Rodrigo Vera 
490 0 |a Serie Sepa Usted 
999 |c 218762  |d 218760 
952 |0 0  |1 0  |4 0  |6 157_000000000000000_FRA_1980  |7 0  |8 P  |9 208840  |a BIBEDU  |b BIBEDU  |c BIBEDU_PB  |d 2019-11-15  |i 276640K  |o 157 FRA 1980  |p 276640K  |r 2024-01-25  |w 2019-11-15  |y BK  |k EDU